Focus sur: Henry Shaw Jr. - Harry Potter - Statistiques

Statistiques générales
  • Ce quiz a été pris 34 fois
  • Le résultat moyen est 4 sur 7
Statistiques - réponses
Informations recherchées Réponses % Correct
Première apparition Les Animaux Fantastiques 1
80%
Couleur des cheveux Châtain
77%
Statut du sang Moldu
73%
Père Henry Shaw Sr.
67%
Profesion Sénateur (Etats-Unis)
37%
Frère Langdon Shaw
20%
Acteur l'interprétant dans les films Josh Cowdery
17%
Aucun quiz correspondant
Distribution des résultats
% des personnes avec chaque résultat
Percentile par nombre de réponses
Votre historique - résultats
Vous n’avez pas pris ce quiz